000
00349pab a2200157 454500
008
180718b2006 xxu||||| |||| 00| 0 eng d
100
_a
Christo, Glenn G.
245
_a
Training for the new economy
260
_c
2006
300
_a
p.20-24.
362
_a
Jul
650
_a
Training
650
_a
Education
773
_a
Seminar
909
_a
70169
999
_c
70169
_d
70169